Toutes les chaînes télévisées françaises - Statistiques

Statistiques générales
  • Ce quiz a été pris 198 fois
  • Le résultat moyen est 19 sur 26
Statistiques - réponses
Hint Réponse % Correct
N°2 France 2
100%
N°3 France 3
100%
N°1 TF1
100%
N°5 France 5
98%
N°6 M6
97%
N°4 Canal +
96%
N°18 Gulli
91%
N°9 W9
91%
N°14 France 4
90%
N°7 Arte
89%
N°15 BFM TV
88%
N°8 C8 (arrêté)
88%
N°12 NRJ12 (arrêté)
84%
N°10 TMC
83%
N°16 CNEWS
77%
N°21 L'équipe 21
67%
N°11 TFX
67%
N°17 CSTAR
62%
N°24 RMC Découverte
55%
N°26 LCI
54%
N°13 LCP
50%
N°27 France Info
48%
N°20 TF1 Séries Films
43%
N°22 6TER
42%
N°25 Chérie 25
38%
N°23 RMC Story
35%
Aucun quiz correspondant
Distribution des résultats
% des personnes avec chaque résultat
Percentile par nombre de réponses
Votre historique - résultats
Vous n’avez pas pris ce quiz